000 00815nam a22002297a 4500
999 _c16708
_d16708
003 AR-CdUCM
008 190401b ||||| |||| 00| 0 spa d
040 _aMUNICIPALIDAD PROVINCIAL DEL CUSCO
_cBIBLIOTECA MUNICIPAL DEL CUSCO
041 _hfre
082 _a800 /
_bD97 / 1957
_24ed.
100 _aDumas, Alejandro
_92589
245 _aVeinte Años Después /
260 _aBuenos Aires :
_bSopena,
_c1957.
300 _a198 páginas ;
_c23 cm.
440 _aBiblioteca mundial sopena
_910296
505 _aContenido: Donde se ve que el primer impulso de siempre el mejor -- El Tedeum de la victoria de Lens -- EL mendigo de San Eustaquio...
650 _aNovela
_9572
650 _aLiteratura Universal
_9611
650 _aHistoria de conquista
_936306
942 _2ddc
_cLIBROS
945 _adavv
_d04/05/2019